[Event "CHI-ch Absoluto 2020"]
[Site "Las Condes"]
[Date "2020.02.15"]
[Round "6.4"]
[White "Romero Araya, Diego Alonso"]
[Black "Olivares Olivares, Claudio"]
[Result "1-0"]
[WhiteElo "2252"]
[BlackElo "2395"]
[Annotator "TA"]
[PlyCount "101"]
[EventDate "2020.02.11"]
[EventType "tourn"]
[EventCountry "CHI"]
[SourceTitle "playchess.com"]
[Source "ChessBase"]
[SourceQuality "1"]

{[%evp 19,101,0,-23,-20,-11,-59,-37,-49,-24,-31,-58,-65,-18,-47,-43,-45,-31,-35,14,-89,-115,-91,-25,-90,-70,-83,-62,-97,-81,-81,-88,-88,-93,-129,-107,-85,-82,-110,-43,-85,-81,-83,-46,-58,-49,-101,-10,-8,-12,-17,0,0,75,54,77,70,300,289,290,300,284,286,381,400,375,352,348,318,528,504,647,508,612,607,599,599,594,588,1722,1731,5743,6597,6186,6186]} 1. e4 c5 2. Nf3 d6 3. d4 cxd4 4. Nxd4 Nf6 5. Nc3 a6 6. Bc4 e6 7. Bb3 b5 8. Bg5 Be7 9. Qf3 Qb6 10. O-O-O O-O 11. Rhe1 {B87: Sicilian Scheveningen/Najdorf: 6 Bc4, with early ...b5.} Nbd7 12. Qg3 Nc5 $1 13. f4 {Black is slightly better.} Bb7 {Threatens to win with ...b4.} 14. Bh6 {[%csl Gh6][%cal Rg3g7]} Ne8 $1 15. f5 {[%cal Rf5e6]} e5 16. f6 {[%cal Rf6g7]} Bxf6 17. Nf5 {[#]} Rd8 $146 ({Predecessor:} 17... Nxb3+ 18. axb3 Rd8 19. Nd5 Bxd5 20. Rxd5 Kh8 21. Bg5 Bxg5+ 22. Qxg5 f6 23. Qd2 Rf7 {½-½ (30) Shabalov,A (2623)-Wojtkiewicz,A (2564) New York 2004}) 18. Kb1 Kh8 19. Bg5 (19. Be3 $11 {keeps the balance.}) 19... Bxg5 $17 20. Qxg5 f6 (20... Rd7 $17) 21. Qh4 (21. Qe3 $11) 21... Nxb3 (21... Rd7 {with more complications.} 22. Qh3 Nxb3 23. axb3 a5 24. g4 b4) 22. axb3 Rd7 23. Qg4 Qd8 24. Rd3 g6 25. Ne3 Ng7 26. Red1 f5 27. exf5 gxf5 28. Qb4 {[%cal Rd3d6]} Rf6 (28... Ne8 $17 29. Ned5 Bc6) 29. g4 f4 30. Ned5 Rg6 31. Ne4 Ne8 ({Don't play} 31... Rxg4 $6 32. Nef6 $14) 32. g5 {[#]} (32. h3 $15) 32... Bxd5 ({Black should play} 32... Rxg5 $1 $17 {aiming for ...Rg2.} 33. Nxg5 Qxg5) 33. Rxd5 $11 Qe7 34. c4 bxc4 35. bxc4 Re6 (35... Qf7 $11 {remains equal.}) 36. Qc3 Nc7 37. R5d3 Qf8 $2 {[#]} (37... Rd8 $14) 38. Nc5 $1 $18 {[%cal Rc5d7][%mdl 512]} Rd8 (38... dxc5 39. Rxd7) 39. Nxe6 Nxe6 {[#]} 40. Rxd6 $3 {[%mdl 512]} Qf5+ (40... Rxd6 41. Qxe5+) 41. Qc2 Qxc2+ 42. Kxc2 {[%mdl 4096] Endgame KRR-KRN} Re8 43. R1d5 ({Much less strong is} 43. Rxa6 e4 $18) 43... e4 $2 (43... f3 44. Rd1 e4) 44. Kd2 {White is clearly winning.} e3+ 45. Ke2 a5 46. Rf5 Kg7 47. Rf6 Nxg5 {Hoping for ...f3+.} 48. Rxf4 Rb8 49. Rg4 Rxb2+ 50. Kxe3 h6 51. h4 {[%mdl 64] Pin. Accuracy: White = 65%, Black = 50%.} 1-0

[Event "CHI-ch Absoluto 2020"]
[Site "Las Condes"]
[Date "2020.02.15"]
[Round "6.5"]
[White "Reinuaba Escobar, Carlos"]
[Black "Gomez Barrera, Gonzalo Andres"]
[Result "1-0"]
[WhiteElo "2184"]
[BlackElo "2040"]
[Annotator "TA"]
[PlyCount "98"]
[EventDate "2020.02.11"]
[EventType "tourn"]
[EventCountry "CHI"]
[SourceTitle "playchess.com"]
[Source "ChessBase"]
[SourceQuality "1"]

{[%evp 10,98,-35,-33,-12,-11,21,-18,-8,-38,-27,-32,-17,-50,-54,-141,-131,-141,-160,-143,-150,-162,-175,-176,-171,-216,-185,-207,-208,-207,-151,-202,-183,-283,-279,-283,168,185,162,87,61,80,87,0,0,0,0,0,0,0,210,218,202,210,174,188,189,190,141,158,224,0,0,0,216,124,128,143,218,199,600,578,842,771,742,744,739,737,681,681,628,561,493,507,2544,2290,29997,29998,29998,29998,29998]} 1. e4 c5 2. Nf3 Nc6 3. b4 cxb4 4. d4 e6 5. Bd3 d5 6. e5 {[#]} Qa5 $146 {C00: French: Unusual White 2nd moves.} ({Predecessor:} 6... f6 7. O-O fxe5 8. dxe5 Bc5 9. Bf4 Nge7 10. Nbd2 O-O 11. Bg3 Nf5 12. Bxf5 Rxf5 13. Nb3 Bb6 14. a3 bxa3 15. Rxa3 {0-1 (25) Kobese,W (2345)-Mabusela,J (2213) Cape Town 2017}) 7. O-O Nh6 8. Bb2 (8. Bxh6 $5 gxh6 9. Qc1 $11) 8... Bd7 {The position is equal.} 9. Nbd2 Rc8 10. Nb3 Qc7 11. Qd2 a5 12. Nc5 {[#]} (12. Rac1 $15) 12... Nxd4 $1 $17 {[%mdl 512]} 13. Nxd7 (13. Bxd4 Bxc5) 13... Nxf3+ 14. gxf3 Qxd7 15. Qe2 Qc7 16. Bb5+ Kd8 17. Rac1 Nf5 18. Rfd1 Bc5 19. c3 bxc3 20. Bxc3 (20. Rxc3 $17 Qe7 21. Qc2) 20... b6 21. Qe4 (21. Ba6 $142 Ra8 22. Bd3) 21... Bd4 $19 {[%mdl 64] Clearance} 22. Rxd4 Nxd4 $4 {[%mdl 8192]} (22... Qc5 $19 {and all is fine.} 23. Rb1 Nxd4 24. Qxd4 (24. Qh4+ $2 g5 $19) 24... Qxc3 25. Qxb6+ Qc7) 23. Qxd4 $18 Qc5 24. Qd3 ({White should try} 24. Qa4 $1 $18) 24... Qa3 $16 25. Qd2 $1 {[%cal Rd2g5] Qg5+ is the strong threat.} Rc5 26. Qg5+ ({Better is} 26. Bb2 $16 Rxc1+ 27. Qxc1) 26... Kc8 $11 {And now ...Kb8 would win.} 27. Bd2 {aiming for Rb1.} Rxc1+ 28. Bxc1 Qxf3 29. Bf4 h5 $2 {[#]} (29... Kb8 $11) 30. Qe7 $1 $18 {[%mdl 1024] Ba6+ would kill now. White has strong compensation.} Qd1+ 31. Kg2 Qg4+ 32. Bg3 {White wants to mate with Ba6+.} Qe4+ {[#]} 33. Kg1 $1 ({Worse is} 33. f3 Qc2+ 34. Bf2 Qg6+ 35. Bg3 Qc2+ 36. Bf2 Qg6+ 37. Bg3 Qc2+ $11) 33... Qb1+ 34. Bf1 Kb8 (34... g5 $16) 35. Kg2 $2 $40 {[%mdl 128] White mounts an attack.} (35. Qxf7 $18 g5 36. f3 (36. Qxe6 h4 $11)) 35... Qe4+ 36. Kg1 Qb1 $2 (36... h4 $11 {and Black is okay.}) 37. Qd6+ (37. Qxf7 $18 g5 38. f3 (38. Qxe6 h4 $11)) 37... Kb7 38. Qd7+ Kb8 (38... Ka8 $16) 39. Qxf7 Rc8 $2 (39... g5) 40. Qxe6 {White threatens Qd6+ and mate.} Rc1 41. Qe8+ Kb7 42. Qd7+ Ka8 43. Qxd5+ Ka7 44. Qf7+ {[%mdl 64] Double Attack} Ka8 {Strongly threatening ...Qd3.} 45. Qf3+ Ka7 46. Qe2 Kb7 (46... h4 $142 47. Bxh4 Qg6+ 48. Bg3 Qe6) 47. e6 {Threatening mate with Qf3+.} Re1 48. Qa6+ Kc6 49. Qc4+ Kb7 {Accuracy: White = 60%, Black = 56%.} 1-0

[Event "CHI-ch Absoluto 2020"]
[Site "Las Condes"]
[Date "2020.02.16"]
[Round "7.1"]
[White "Olivares Olivares, Claudio"]
[Black "Reinuaba Escobar, Carlos"]
[Result "1-0"]
[WhiteElo "2395"]
[BlackElo "2184"]
[Annotator "TA"]
[PlyCount "89"]
[EventDate "2020.02.11"]
[EventType "tourn"]
[EventCountry "CHI"]
[SourceTitle "playchess.com"]
[Source "ChessBase"]
[SourceQuality "1"]

{[%evp 18,95,25,0,5,5,15,20,18,12,35,0,9,-3,15,21,38,31,41,-13,44,-57,0,13,74,-30,58,0,120,138,135,148,164,133,264,191,195,195,300,283,249,193,597,570,608,585,654,676,687,680,701,168,161,154,156,143,141,156,211,211,214,0,1211,447,1375,1156,1197,1293,1295,1281,1263,1233,1384,1327,1761,1489,2421,1139,29998,29999]} 1. e4 c5 2. Nf3 Nc6 3. d4 cxd4 4. Nxd4 e6 5. Nc3 Qc7 6. Ndb5 Qb8 7. Be3 a6 8. Bb6 axb5 9. Nxb5 Bb4+ 10. c3 Ba5 $1 {[%cal Ra5b6] B47: Sicilian: Taimanov: 5 Nc3 Qc7 6 f4, 6 g3 and 6 Be2.} 11. Nc7+ $1 {[#]} Qxc7 $1 {[%mdl 512]} 12. Bxc7 Bxc7 {The position is equal.} 13. Qg4 Kf8 14. Bd3 Nf6 15. Qe2 h5 16. O-O {[#]} h4 $146 ({Predecessor:} 16... g5 17. a4 b6 18. b4 Bb7 19. f3 Ne5 20. Bb5 h4 21. Qe3 h3 22. g3 g4 {0-1 (33) Kornev,A (2582)-Geller,J (2490) Moscow 2007}) 17. b4 Ne5 18. Bc2 (18. a4 $14) 18... Rh6 (18... g5 $11) 19. c4 (19. a4 $14) 19... Ng6 ({Better is} 19... Nc6 $15) 20. a4 $11 Nf4 (20... b6 $11) 21. Qd2 (21. Qe3 $16 {Qc5+ is the strong threat.} Be5 22. Rad1) 21... Be5 (21... e5 $11) 22. Rae1 ({White should try} 22. Ra3 $14) 22... b5 (22... b6 $11) 23. cxb5 $16 Rg6 24. g3 Ke7 25. a5 {aiming for Kh1.} Rb8 (25... d6 $16 {was worth a try.} 26. Kh1 hxg3 27. fxg3 N4h5) 26. b6 Bb7 27. b5 {Strongly threatening a6.} Rh8 (27... Nh3+ $142 28. Kg2 Ng5) 28. a6 $18 Nh3+ 29. Kg2 Nxf2 $2 (29... hxg3 {is tougher.} 30. fxg3 Ng4) 30. Qxf2 ({Weaker is} 30. axb7 hxg3 31. Qb4+ d6 $16) 30... hxg3 31. hxg3 Rgh6 {If only Black now had time for ...Rh2+....} 32. Kf3 ({Not} 32. axb7 Rh2+ 33. Kf3 Rxf2+ 34. Rxf2 Rb8 $16) 32... Rh2 33. Qc5+ {[%mdl 64] Double Attack} ({Less strong is} 33. axb7 Rxf2+ 34. Rxf2 Rb8 $16) 33... Bd6 34. Qg1 $2 (34. Qc4) 34... Rxc2 35. axb7 Bc5 {[#]} 36. Rc1 $1 {[%cal Rc1c2]} Rxc1 37. Rxc1 Bxg1 38. Rc8 Rh2 {[#]} 39. b8=Q $2 (39. e5 $1 $18 {[%cal Re5f6]} Rf2+ 40. Ke3 Ng4+ 41. Ke4) 39... Rf2+ $2 {[%mdl 8192]} (39... Bd4 $1 $11 {and Black is okay.} 40. g4 Rf2+ 41. Kg3 Nxe4+ 42. Kh3 Rf3+ 43. Kh2 Rf2+ 44. Kh1 Rf1+ 45. Kh2 Rf2+ 46. Kh1 Rf1+ 47. Kh2 Rf2+) 40. Ke3 {Black must now prevent b7.} Ng4+ (40... Rc2+ $142 41. Kd3 Rxc8 42. Qxc8 Bxb6) 41. Kd3 Rf3+ 42. Kd2 Be3+ 43. Kc2 Rf2+ 44. Kb3 Bd4 45. Rg8 {Played: Qb8-c7} 1-0

[Event "CHI-ch Absoluto 2020"]
[Site "Las Condes"]
[Date "2020.02.16"]
[Round "7.2"]
[White "Valenzuela Fuentealba, Luis"]
[Black "Romero Araya, Diego Alonso"]
[Result "1-0"]
[WhiteElo "2450"]
[BlackElo "2252"]
[Annotator "TA"]
[PlyCount "75"]
[EventDate "2020.02.11"]
[EventType "tourn"]
[EventCountry "CHI"]
[SourceTitle "playchess.com"]
[Source "ChessBase"]
[SourceQuality "1"]

{[%evp 21,75,51,35,42,50,50,50,50,50,46,46,44,40,26,110,107,110,53,53,50,84,79,84,46,68,78,72,61,187,178,188,191,513,461,930,885,818,472,1104,732,1083,326,951,1023,29988,29989,29989,29990,29992,29993,29993,29994,29996,29997,29997,29998]} 1. d4 Nf6 2. c4 g6 3. Nc3 Bg7 4. e4 d6 5. h3 O-O 6. Nf3 e5 7. d5 Na6 8. Bg5 h6 9. Be3 Nc5 10. Nd2 a5 11. g4 Bd7 12. Be2 {E90: King's Indian: Classical: Early deviations and 6 h3.} a4 13. h4 c6 14. g5 {White is slightly better.} hxg5 15. hxg5 Nh7 16. Rg1 Qa5 17. a3 Rfc8 (17... cxd5 $11 18. cxd5 b5) 18. Rg3 $16 cxd5 19. cxd5 (19. exd5 $16 Bf5 20. Bxc5 Qxc5 21. Nde4) 19... b5 20. Kf1 Na6 21. Kg2 Rab8 {[#]} 22. Na2 $146 ({Predecessor:} 22. Rc1 b4 23. Na2 Rxc1 24. Qxc1 Bb5 25. Nc4 Qc7 26. Nxb4 Nxb4 27. axb4 {½-½ (40) Gardner,A (2209)-Tolhurst,P (2198) ICCF email 2018}) 22... Nf8 23. Bd3 Be8 24. Qg4 Nd7 {[#]} (24... Bd7 $14 25. Qe2 Nc5) 25. Rh1 $1 $18 Ndc5 26. Be2 Bd7 $2 {[#]} (26... Nb3 27. Nxb3 axb3) 27. Qh4 $1 Nb3 (27... Qd8 $142 28. Qh7+ (28. Bxc5 Nxc5 29. Nb4 Rc7 $16) 28... Kf8) 28. Nxb3 axb3 29. Nc3 b4 (29... Kf8 $142 30. Rf3 Rxc3) 30. axb4 Nxb4 31. Qh7+ ({Not} 31. Bg4 Bxg4 32. Qxg4 (32. Rxg4 Nd3 $11) 32... Nc2 $16) 31... Kf8 32. Rf3 {White threatens Qxg6 and mate.} Bg4 {[#]} 33. Rxf7+ $1 {[%mdl 576] Discovered Attack. White mates.} Kxf7 34. Bxg4 Rh8 35. Be6+ Kf8 36. Qxg6 {[%csl Ge6][%cal Rg6f7]} Qc7 37. Rxh8+ {[%mdl 64] Back Rank} Bxh8 38. Qg8+ {[%mdl 64] Double Attack. Accuracy: White = 78%, Black = 49%.} 1-0

[Event "CHI-ch Absoluto 2020"]
[Site "Las Condes"]
[Date "2020.02.16"]
[Round "7.3"]
[White "Vergara Jofre, Felipe Andres"]
[Black "Salinas Herrera, Pablo Patricio"]
[Result "1/2-1/2"]
[WhiteElo "2217"]
[BlackElo "2502"]
[Annotator "TA"]
[PlyCount "38"]
[EventDate "2020.02.11"]
[EventType "tourn"]
[EventCountry "CHI"]
[SourceTitle "playchess.com"]
[Source "ChessBase"]
[SourceQuality "1"]

{[%evp 12,38,14,18,23,24,32,19,21,25,42,43,43,50,58,55,62,21,41,41,41,35,37,37,42,16,189,0,36]} 1. e4 e5 2. Nf3 Nc6 3. Bc4 Bc5 4. O-O Nf6 5. d3 O-O 6. Bg5 h6 7. Bh4 Be7 {now supersedes 7...d6. C50: Hungarian Defence and Giuoco Pianissimo.} 8. Bg3 d6 9. a4 a6 10. Nbd2 Nh7 11. c3 Kh8 12. d4 f5 13. exf5 {[#]} (13. dxe5 $2 f4 $17) 13... d5 $146 {[#] Strongly threatening ...e4.} ({Predecessor:} 13... exd4 14. cxd4 d5 15. Bd3 Bxf5 16. Bxf5 Rxf5 17. Re1 Nf8 18. Qb3 Bb4 19. Red1 Ne6 {1-0 (40) Landa,K (2617)-Kuljasevic,D (2546) Bergamo 2017}) 14. Be2 ({Inferior is} 14. Nxe5 Nxe5 15. Bxe5 dxc4 $17) 14... exd4 15. Nxd4 Nxd4 16. cxd4 Bxf5 17. Qb3 Rb8 18. Rac1 Ra8 $2 {[#]} (18... Bd6 $11 {and Black stays safe.}) 19. Ra1 $2 (19. Rxc7 $18 Bf6 20. Bd3 (20. Qxb7 Bxd4 21. Nf3 Bf6 $18) 20... Bxd3 21. Qxd3) 19... Rb8 $1 {Accuracy: White = 71%, Black = 82%.} 1/2-1/2

[Event "CHI-ch Absoluto 2020"]
[Site "Las Condes"]
[Date "2020.02.16"]
[Round "7.4"]
[White "Torres Bravo, Cristobal Renato"]
[Black "Gasic Merino, Franco Ignacio"]
[Result "1-0"]
[WhiteElo "2372"]
[BlackElo "2168"]
[Annotator "TA"]
[PlyCount "77"]
[EventDate "2020.02.11"]
[EventType "tourn"]
[EventCountry "CHI"]
[SourceTitle "playchess.com"]
[Source "ChessBase"]
[SourceQuality "1"]

{[%evp 14,76,22,14,21,11,22,31,18,8,24,10,56,55,61,52,64,50,90,93,89,101,125,106,193,193,187,177,200,206,208,188,294,252,220,220,477,470,468,460,725,731,801,790,833,822,824,824,827,605,740,749,741,741,29979,29980,29987,29988,29988,29989,29989,29988,29988,29989,29999]} 1. c4 Nf6 2. Nc3 g6 3. g3 c5 4. Bg2 Bg7 5. e3 O-O 6. Nge2 Nc6 {[%cal Bb8c6,Bc6b4,Bb4d3][%mdl 32]} 7. O-O d6 8. h3 h5 {A36: Symmetrical English vs ...g6: 4 Bg2 Bg7.} 9. d4 cxd4 10. exd4 Bf5 {White is slightly better.} 11. Be3 {is the legacy move (11.Bg5).} Nb4 12. Rc1 {[#]} Nd3 $146 ({Predecessor:} 12... d5 13. b3 Qd7 14. Nf4 dxc4 15. bxc4 Rac8 16. a3 Nc6 17. d5 Ne5 18. c5 g5 19. Nxh5 Bxh3 20. Nxg7 Kxg7 {½-½ (50) Lucena,L (2108)-De Lima,J Fortaleza 2010}) 13. Rc2 Nb4 14. Rd2 Qc8 15. a3 Na6 16. Kh2 Rb8 17. b3 Nc7 18. d5 Nd7 (18... b5 $16 {is a better defense.}) 19. Bxa7 $18 Ra8 20. Bd4 Rxa3 {[#]} 21. Bxg7 $1 Kxg7 22. Nd4 Nc5 (22... Nf6 $142 23. Re1 Re8) 23. Re1 Re8 24. Rde2 e5 $2 (24... Bd7 25. Rxe7 Qd8) 25. dxe6 $1 Bxe6 26. Ndb5 {[%mdl 64] [#] Double Attack} Rxb3 (26... Nxb5 $142 27. Nxb5 Ra6) 27. Nxd6 {[%mdl 64] Double Attack} Rd8 28. Qd4+ ({Weaker is} 28. Nxc8 Rxd1 29. Rxd1 (29. Nxd1 Bxc8 30. Ne3 Bd7 $18) 29... Rxc3 $18) 28... Kg8 29. Qxc5 Rxd6 30. Qxd6 Rxc3 31. c5 Nb5 32. Qe7 Nd4 33. Rd2 Nc6 34. Bxc6 {[%mdl 64] Overworked Piece. White mates.} Qxc6 35. Rd8+ Kg7 36. Qf8+ Kf6 37. Qh8+ Ke7 38. Rd6 {[%csl Gd6][%cal Rh8d8]} Qxc5 39. Qd8# {Accuracy: White = 97%, Black = 50%.} 1-0

[Event "CHI-ch Absoluto 2020"]
[Site "Las Condes"]
[Date "2020.02.16"]
[Round "7.5"]
[White "Garcia Cardenas, Pablo"]
[Black "Aguirre Contreras, Cristian Rodrigo"]
[Result "1/2-1/2"]
[WhiteElo "2424"]
[BlackElo "2187"]
[Annotator "TA"]
[PlyCount "47"]
[EventDate "2020.02.11"]
[EventType "tourn"]
[EventCountry "CHI"]
[SourceTitle "playchess.com"]
[Source "ChessBase"]
[SourceQuality "1"]

{[%evp 13,47,18,21,15,31,11,10,11,49,43,49,40,48,36,54,23,23,0,0,0,0,-15,-12,-11,0,-4,16,3,29,15,41,44,40,52,63,58]} 1. d4 Nf6 2. c4 e6 3. Nc3 d5 4. cxd5 exd5 5. Bg5 Be7 6. e3 c6 7. Bd3 Nbd7 {[%cal Bb8d7,Bd7f8,Bf8e6][%mdl 32]} 8. h3 {D35: Queen's Gambit Declined: Exchange Variation.} Nf8 9. Bf4 Ne6 10. Bh2 {[#] The position is equal.} b5 $146 ({Predecessor:} 10... Bd6 11. Bxd6 Qxd6 12. Nf3 g6 13. Ne5 Ng7 14. g4 Nd7 15. f4 Qe7 16. Qf3 Nxe5 17. fxe5 {1-0 (46) Hasenohr,B (2292)-Fiderer,L (2296) St Ingbert 2018}) 11. Nf3 O-O 12. O-O Bb7 13. Rc1 Rc8 14. Ne5 a6 15. a3 c5 16. dxc5 Bxc5 17. Bf5 d4 18. exd4 Qxd4 19. Qb3 {[#] Black must now prevent Nxf7!} Rce8 {Strongly threatening ...Nf4.} 20. Ne2 $36 {[%mdl 2048] White fights for an advantage.} Qd2 21. Qd3 Qxd3 22. Nxd3 {White is slightly better.} Be7 23. Bxe6 fxe6 24. Nd4 {Accuracy: White = 93%, Black = 81%.} 1/2-1/2

[Event "CHI-ch Absoluto 2020"]
[Site "Las Condes"]
[Date "2020.02.17"]
[Round "8.1"]
[White "Gasic Merino, Franco Ignacio"]
[Black "Garcia Cardenas, Pablo"]
[Result "1/2-1/2"]
[WhiteElo "2168"]
[BlackElo "2424"]
[Annotator "TA"]
[PlyCount "227"]
[EventDate "2020.02.11"]
[EventType "tourn"]
[EventCountry "CHI"]
[SourceTitle "playchess.com"]
[Source "ChessBase"]
[SourceQuality "1"]

{[%evp 16,227,4,0,18,0,0,-2,16,17,33,32,34,22,24,18,14,25,17,-16,10,-3,-10,-10,0,-10,-12,-2,0,0,0,0,0,0,19,0,19,18,18,24,30,6,41,23,139,125,118,120,127,68,102,117,120,92,303,298,361,349,511,432,537,556,565,566,467,335,332,329,310,263,289,253,602,598,557,228,204,169,356,347,297,197,319,327,322,319,296,275,260,260,173,68,68,68,68,68,68,68,68,68,68,68,68,68,68,68,68,68,68,68,68,68,68,68,75,75,75,75,83,83,83,83,83,75,75,75,75,75,75,68,68,68,68,68,83,83,83,75,75,75,75,83,83,83,83,75,83,68,75,75,83,83,83,75,83,83,83,50,75,75,75,75,75,75,83,83,83,83,83,83,83,83,83,83,83,83,78,83,83,83,83,8,8,8,8,8,8,8,8,8,8,8,29990,8,8,8,8,0,0,0,0,0,0,0,0,0,0,0,0,0,0,0,0,0]} 1. d4 Nf6 2. g3 g6 3. Bg2 d5 4. Nf3 Bg7 5. O-O O-O 6. Nbd2 c6 7. c4 a5 8. b3 {[%cal Bb2b3,Bb3a4][%mdl 32]} a4 9. Bb2 Bf5 {D78: Fianchetto Grünfeld: 6 0-0 c6.} 10. bxa4 Qa5 11. Qb3 Ra7 {[#]} 12. Rfc1 $146 ({Predecessor:} 12. Ba3 b5 13. cxb5 cxb5 14. Bc5 bxa4 15. Qb4 Qxb4 16. Bxb4 Rb7 17. Ba3 Ne4 18. e3 Nxd2 19. Nxd2 Rd8 20. Rfe1 e6 {½-½ (20) Molner,M (2447)-Khachiyan,M (2505) Los Angeles 2011}) 12... Re8 13. e3 dxc4 14. Nxc4 Qxa4 15. Nfd2 Be6 16. Qxa4 Rxa4 17. a3 Nfd7 18. Ne5 Nxe5 19. dxe5 Nd7 20. f4 f6 21. exf6 exf6 22. Ne4 Bf8 23. Nxf6+ Nxf6 24. Bxf6 Rxa3 25. Bd4 Bf5 26. Rxa3 Bxa3 27. Ra1 Bd6 28. e4 Be6 29. Ra7 Re7 (29... c5 $11 30. Bb2 b5) 30. Ra8+ $16 Kf7 31. Rh8 h5 32. Rh7+ ({Better is} 32. Rh6 $16) 32... Ke8 33. Rh6 $1 Rd7 {aiming for ...Bf8.} 34. Be3 $1 (34. Rxg6 Bf7 $15) 34... Bf7 $2 (34... Bf8 $16 {keeps fighting.} 35. Rxg6 Bc4) 35. Bh3 $18 Rd8 36. f5 Be5 (36... Bg8 {was necessary.} 37. fxg6 Kf8 38. Rxh5 Kg7) 37. fxg6 Bg8 38. Rxh5 Bg7 39. Ra5 Bc4 40. e5 Bd3 41. Bg5 Rb8 42. Bg4 Bxg6 43. h4 b5 $2 (43... Bf8 44. h5 Bd3) 44. Ra7 Kf8 45. Be7+ (45. Bf6 $142 Bxf6 46. exf6) 45... Kg8 46. Bd6 Rd8 $2 (46... Re8) 47. h5 Bf7 48. Rd7 Re8 {[#]} (48... Rxd7 $142 49. Bxd7 b4) 49. h6 $1 {[%cal Rh6g7]} Bxe5 {[#]} 50. h7+ $1 {[%mdl 576] Decoy} Kxh7 51. Rxf7+ Kg6 52. Bxe5 Rxe5 {[%mdl 4096] Endgame KRB-KR} 53. Rc7 (53. Rf4 $18) 53... Rg5 $1 $14 54. Rxc6+ Kg7 55. Be2 Rxg3+ 56. Kf2 Rb3 57. Rb6 b4 58. Bd1 Rb2+ 59. Ke3 Kf7 60. Kd3 Ke7 61. Kc4 Rd2 62. Bb3 Rd6 63. Rb5 ({Of course not} 63. Kxb4 $6 Rxb6+ 64. Kc4 Kd6 $11) 63... Kf6 64. Kxb4 Rc6 65. Bc4 Rd6 66. Kc3 Rd1 67. Bd3 Ke6 68. Kd4 Kd6 69. Rb6+ Kc7 70. Rh6 Kd7 71. Ke4 Kc7 72. Bb5 Rd6 73. Rh1 Rd2 74. Rh7+ Kb6 75. Bd3 Kc5 76. Rd7 Rh2 77. Rd5+ Kc6 78. Kd4 Rh6 79. Ra5 {Intending Ra6+ and mate.} Rd6+ 80. Kc4 Kd7 81. Be4 Rd1 82. Bd3 Ke6 83. Kd4 Kd6 84. Ra6+ Ke7 85. Ke4 Kd7 86. Bc4 Re1+ 87. Kd4 Rd1+ 88. Kc5 Ke7 89. Re6+ Kf8 90. Bd5 Ra1 91. Rg6 Ke7 92. Kd4 Kd7 93. Ke5 Re1+ 94. Be4 Kc7 95. Rc6+ Kd7 96. Rc2 Kd8 97. Rc3 Kd7 98. Rc4 ({White should try} 98. Kd4 $16) 98... Re2 $1 $11 99. Rb4 Re1 100. Rb7+ Kc8 101. Rh7 Kb8 102. Kd5 Rc1 103. Kd6 Rf1 $2 {[%mdl 8192] [#]} (103... Rc8 $11) 104. Bc6 $2 (104. Rh8+ $1 {mates} Ka7 105. Kc5 Rc1+ 106. Kb5 Rc8 107. Rh7+ Kb8 108. Rb7+ Ka8 109. Rb6+ (109. Ka6 Rc6+ 110. Bxc6 $11) 109... Ka7 110. Ra6+ Kb8 111. Kb6 Rc6+ 112. Bxc6 Kc8 113. Ra8#) 104... Rf6+ {The position is equal.} 105. Kc5 {White wants to mate with Kb6.} Kc8 106. Rh8+ Kc7 107. Bd5 Kd7 108. Rh7+ Ke8 109. Kd4 Kf8 110. Ke5 Rf1 111. Bc4 Rf3 112. Be6 {Threatens to win with Bf5.} Ke8 113. Bf5 {White threatens Kf6 and mate.} Re3+ 114. Kf6 {Accuracy: White = 86%, Black = 79%.} 1/2-1/2

[Event "CHI-ch Absoluto 2020"]
[Site "Las Condes"]
[Date "2020.02.17"]
[Round "8.2"]
[White "Salinas Herrera, Pablo Patricio"]
[Black "Torres Bravo, Cristobal Renato"]
[Result "1-0"]
[WhiteElo "2502"]
[BlackElo "2372"]
[Annotator "TA"]
[PlyCount "55"]
[EventDate "2020.02.11"]
[EventType "tourn"]
[EventCountry "CHI"]
[SourceTitle "playchess.com"]
[Source "ChessBase"]
[SourceQuality "1"]

{[%evp 9,55,55,65,48,63,64,66,48,70,68,76,46,77,41,65,47,54,58,71,39,89,71,71,71,104,41,66,43,72,40,56,47,85,21,51,36,329,331,327,319,348,348,347,347,347,355,355,328]} 1. d4 d5 2. c4 dxc4 3. Nf3 Nd7 4. e4 Nb6 5. Bxc4 Nxc4 6. Qa4+ {[%mdl 64] [#] Double Attack. D21: Queen's Gambit Accepted: 3 Nf3 sidelines.} c6 {...Nb6 is the strong threat.} 7. Qxc4 Be6 8. Qe2 {White is slightly better.} g6 9. O-O Bg7 10. Nc3 Nf6 {[#]} 11. Bf4 $146 ({Predecessor:} 11. h3 O-O 12. Bg5 h6 13. Be3 Ne8 14. Rad1 Nd6 15. d5 cxd5 16. exd5 Bd7 17. Bd4 {1-0 (48) Komarov,D (2530)-Geirnaert,S (2353) Belgium 2009}) 11... O-O 12. Qd2 b5 13. Rfe1 Qb6 14. Bh6 Rfd8 15. Bxg7 Kxg7 16. h3 h6 17. Rad1 (17. Qe3 $16) 17... a5 $14 18. b3 a4 19. Qb2 axb3 20. axb3 Kh7 21. b4 (21. Re3 $16) 21... Qa6 22. Ne5 Qa3 $2 {[%mdl 8192]} ({Better is} 22... Qb7 $14) 23. Qxa3 $18 Rxa3 24. Nxc6 {[%mdl 64] [#] Double Attack} Rc8 25. Nxb5 Ra2 26. d5 ({Less strong is} 26. Nxe7 Rcc2 $18) 26... Bd7 27. Nbd4 ({Not} 27. Nxe7 Rcc2 $11) 27... e6 28. Ne5 {Accuracy: White = 64%, Black = 55%.} 1-0